[Event "DSOL 05 Liga Final 1st"]
[Site "Playchess.com INT"]
[Date "2020.08.25"]
[Round "1.4"]
[White "Otten, Arnold"]
[Black "Retzlaff, Wolfgang"]
[Result "0-1"]
[WhiteElo "1528"]
[BlackElo "1651"]
[PlyCount "62"]
[EventDate "2020.06.22"]
[EventType "team-k.o. (rapid)"]
[EventCountry "GER"]
[SourceTitle "EXT 2021"]
[Source "ChessBase"]
[SourceDate "2020.10.23"]
[SourceVersion "1"]
[SourceVersionDate "2020.10.23"]
[SourceQuality "1"]
[WhiteTeam "Gottingen Rot-Weiss II"]
[BlackTeam "Hameln II"]
[WhiteTeamCountry "GER"]
[BlackTeamCountry "GER"]

1. d4 d5 2. Nf3 g6 3. c4 c6 4. Nc3 Bg7 5. e3 e6 6. Qc2 Nf6 7. a3 0-0 8. Bd3 Nbd7 9. c5 Qc7 10. 0-0 e5 11. dxe5 Nxe5 12. Be2 Bf5 13. Qd1 Nfd7 14. Nd4 Nxc5 15. Nxf5 gxf5 16. Qc2 Qd7 17. Rd1 Ne4 18. Bd2 Qe6 19. Be1 Qg6 20. f3 Ng5 21. Kh1 Ne6 22. Rac1 Kh8 23. Bg3 Rfe8 24. Bf1 Bf6 25. Ne2 Nc4 26. Nf4 Nxf4 27. Bxf4 Nxe3 28. Bxe3 Rxe3 29. Bd3 Rae8 30. h3 Qg3 31. Bxf5 Re2 0-1